Normal view
MARC view
- Vick, Karl.
Entry Personal Name
001 - CONTROL NUMBER
- control field: 37273
003 - CONTROL NUMBER IDENTIFIER
- control field: OSt
005 - DATE AND TIME OF LATEST TRANSACTION
- control field: 20190302155331.0
008 - FIXED-LENGTH DATA ELEMENTS
- fixed length control field: 190302|| aca||aabn | a|a d
040 ## - CATALOGING SOURCE
- Original cataloging agency: OSt
- Transcribing agency: OSt
100 ## - HEADING--PERSONAL NAME
- Personal name: Vick, Karl.
670 ## - SOURCE DATA FOUND
- Source citation: Work cat.: (OSt): Vick, Karl., The terrorist threat from ISIS may be about to get worse. Much worse/, cApr - June 2016.
